[Event "SVK-ch U10"]
[Site "Stara Lubovna"]
[Date "2014.04.10"]
[Round "7"]
[White "Nemergut, Peter"]
[Black "Tabak, Adam"]
[Result "0-1"]
[WhiteElo "1000"]
[BlackElo "1000"]
[PlyCount "98"]
[EventDate "2014.04.05"]
[EventType "swiss"]
[EventRounds "9"]
[EventCountry "SVK"]
[SourceTitle "EXT 2016"]
[Source "ChessBase"]
[SourceDate "2015.10.08"]
[SourceVersion "1"]
[SourceVersionDate "2015.10.08"]
[SourceQuality "1"]

1. f4 d5 2. Nf3 Nf6 3. e3 Bf5 4. d3 Nc6 5. b3 e6 6. Bb2 Bb4+ 7. Nbd2 0-0 8. Be2 Ne4 9. 0-0 Nc3 10. Qe1 h6 11. Qg3 Nxe2+ 12. Kh1 Nxg3+ 13. hxg3 Bxd2 14. Nxd2 Nb4 15. Rad1 Nxc2 16. e4 dxe4 17. dxe4 Qd3 18. Rf3 Qe2 19. Rdf1 Ne3 20. R1f2 Qd1+ 21. Nf1 Qxf3 22. gxf3 Nxf1 23. Rxf1 Bh7 24. Ba3 Rfd8 25. Be7 Rd7 26. Bc5 Rad8 27. Kg1 Rd1 28. Rxd1 Rxd1+ 29. Kf2 b6 30. Ke2 Rd7 31. Be3 c5 32. g4 a5 33. f5 exf5 34. exf5 g6 35. fxg6 fxg6 36. f4 Re7 37. f5 gxf5 38. gxf5 Bxf5 39. Kf3 Rd7 40. Bxh6 b5 41. a3 a4 42. bxa4 bxa4 43. Kf4 Bh7 44. Ke5 Kf7 45. Bg5 Ke8 46. Ke6 c4 47. Kf6 Bb1 48. Ke6 c3 49. Kf6 c2 0-1

[Event "SVK-ch U10"]
[Site "Lubovna"]
[Date "2013.04.11"]
[Round "7"]
[White "Nemergut, Peter"]
[Black "Cuker, Oliver"]
[Result "0-1"]
[WhiteElo "1000"]
[BlackElo "1131"]
[PlyCount "62"]
[EventDate "2013.04.06"]
[EventType "swiss"]
[EventRounds "9"]
[EventCountry "SVK"]
[SourceTitle "CBM 153 Extra"]
[Source "ChessBase"]
[SourceDate "2013.04.22"]
[SourceVersion "1"]
[SourceVersionDate "2013.04.22"]
[SourceQuality "1"]

1. e4 d5 2. exd5 Qxd5 3. Nc3 Qa5 4. Bb5+ c6 5. Bc4 Nf6 6. Nf3 Bf5 7. 0-0 e6 8. Re1 Bd6 9. Ng5 Nbd7 10. d3 Rf8 11. Be3 0-0-0 12. Bd4 h6 13. Nf3 Rh8 14. Rb1 Rdg8 15. a3 g5 16. b4 Qc7 17. Rb3 g4 18. Nd2 g3 19. Qb1 gxh2+ 20. Kh1 Bg3 21. fxg3 Qxg3 22. Rg1 hxg1Q+ 23. Qxg1 Qh4+ 24. Qh2 Qe1+ 25. Bg1 Ng4 26. Qd6 Qh4+ 27. Bh2 Nf2+ 28. Kg1 Nh3+ 29. Kh1 Qe1+ 30. Nf1 Qxf1+ 31. Bg1 Qxg1# 0-1